نظام الحسبة فى العراق حتى عصر المأمون نشأته وتطوره
| Main Author: | |
|---|---|
| Format: | Book |
| Published: |
Jeddah :
Tihamah ,
1982.
|
| Subjects: |
MARC
| LEADER | 00000cam a2200000 7i4500 | ||
|---|---|---|---|
| 001 | 0000000234 | ||
| 005 | 20161024093000.0 | ||
| 008 | 021118s1982 | ||
| 090 | 0 | 0 | |a DS70.7 |b .M3 1982 |
| 100 | 0 | |a معتوق، رشاد عباس , |e author | |
| 245 | 1 | 0 | |a نظام الحسبة فى العراق حتى عصر المأمون نشأته وتطوره |c رشاد عباس معتوق |
| 260 | 2 | |a Jeddah : |b Tihamah , |c 1982. | |
| 300 | |a 190 p . ; |c 24 cm. | ||
| 650 | 0 | |a Islamic civilization | |
| 651 | 0 | |a Iraq |x Civilization |y 634-1921 | |
| 999 | |a 1000042821 |b Book |c OPEN SHELF (30 DAYS) |e Gong Badak Campus | ||